The new testament code : (Record no. 6289)

MARC details
000 -LEADER
fixed length control field 00781nam a22002297a 4500
003 - CONTROL NUMBER IDENTIFIER
control field OSt
005 - DATE AND TIME OF LATEST TRANSACTION
control field 20251125142426.0
008 - FIXED-LENGTH DATA ELEMENTS--GENERAL INFORMATION
fixed length control field 251125b |||||||| |||| 00| 0 eng d
020 ## - INTERNATIONAL STANDARD BOOK NUMBER
International Standard Book Number 978-1-84293-116-5.
040 ## - CATALOGING SOURCE
Original cataloging agency DWCL-Main lib
Transcribing agency OC
082 ## - DEWEY DECIMAL CLASSIFICATION NUMBER
Classification number GR. 270.1 Ei36n 2006
100 ## - MAIN ENTRY--PERSONAL NAME
Personal name Eisenman, Robert
245 ## - TITLE STATEMENT
Title The new testament code :
Remainder of title the cup of the Lord, the Damascus covenant, and the blood of Christ
Statement of responsibility, etc. Eisenman, Robert
260 ## - PUBLICATION, DISTRIBUTION, ETC.
Place of publication, distribution, etc. London :
Name of publisher, distributor, etc. Watkins Publishing,
Date of publication, distribution, etc. c2006.
300 ## - PHYSICAL DESCRIPTION
Extent XVIII, 1053 pages :
Other physical details illustration , maps ;
Dimensions 24 cm.
504 ## - BIBLIOGRAPHY, ETC. NOTE
Bibliography, etc. note Includes index.
650 ## - SUBJECT ADDED ENTRY--TOPICAL TERM
Source of heading or term 1. Christianity-Origin.
650 ## - SUBJECT ADDED ENTRY--TOPICAL TERM
Source of heading or term 2. Damascus document.
650 ## - SUBJECT ADDED ENTRY--TOPICAL TERM
Source of heading or term 3. James, Brother of the Lord, Saint.
650 ## - SUBJECT ADDED ENTRY--TOPICAL TERM
Source of heading or term 4. Paul, the Apostle, Saint.
942 ## - ADDED ENTRY ELEMENTS (KOHA)
Source of classification or shelving scheme Dewey Decimal Classification
Koha item type General Reference
Call number prefix GR.
Suppress in OPAC No
952 ## - LOCATION AND ITEM INFORMATION (KOHA)
--
Holdings
Withdrawn status Lost status Source of classification or shelving scheme Damaged status Not for loan Home library Current library Shelving location Date acquired Source of acquisition Total Checkouts Full call number Barcode Date last seen Copy number Price effective from Koha item type Uniform Resource Identifier
    Dewey Decimal Classification     College Library College Library General Reference 06/23/2008 School Fund   GR. 270.1 Ei36n 2006 CL45921 11/25/2025 c1 11/25/2025 GR